The sociology of death : theory, culture, practice /

সংরক্ষণ করুন:
গ্রন্থ-পঞ্জীর বিবরন
অন্যান্য লেখক: Clark, David, (1953- sociologo)
বিন্যাস: গ্রন্থ
ভাষা:ইংরেজি
প্রকাশিত: Oxford : Blackwell, 1993
মালা:The sociological review monograph
বিষয়গুলি:
ট্যাগগুলো: ট্যাগ যুক্ত করুন
কোনো ট্যাগ নেই, প্রথমজন হিসাবে ট্যাগ করুন!

MARC

LEADER 00000nam a22000007i 4500
001 IT\ICCU\MIL\0178544
003 ItRI
005 20260115231819.0
008 931130s1993 xxk|||||| ||||| |||||c
020 |a 0631190570 
040 |b ita  |c importazione bologna sebina 
041 7 |a eng  |2 ISO-639-2 
082 |a 306.9  |9 ISTITUZIONI ATTINENTI ALLA MORTE  |2 20 
245 0 4 |a The sociology of death :  |b theory, culture, practice /  |c edited by David Clark. 
260 |a Oxford :  |b Blackwell,  |c 1993 
300 |a X, 302 p. ;  |c 22 cm. 
650 7 |a MORTE  |x ASPETTI SOCIO-CULTURALI  |x SAGGI  |2 scbi 
650 7 |a TANATOLOGIA  |x SAGGI  |2 scbi 
700 1 |a Clark, David,  |d  (1953-  |c sociologo)  |0 IT\ICCU\TSAV\428662 
830 4 |a The sociological review monograph  |0 IT\ICCU\MIL\0051251 
942 |2 ddc  |c BK  |n 0 
952 |0 0  |1 0  |4 0  |6 DOC_306_900000000000000_CLA  |7 0  |9 13323  |a BO  |b BO  |d 2026-01-15  |i 4744  |l 0  |o DOC 306.9 CLA  |p BO4744  |r 2026-01-15 23:18:19  |w 2026-01-15  |x [Sebina 5] [1 v.]  |y BK  |z 1 v. 
999 |c 11443  |d 11443